[Event "Lisbon Cup 26th"]
[Site "Lisbon"]
[Date "2015.04.19"]
[Round "5"]
[White "Grade, Jose Fernando Marqu"]
[Black "Fernandes, Ricardo Paulos"]
[Result "1-0"]
[WhiteElo "1824"]
[BlackElo "1424"]
[PlyCount "59"]
[EventDate "2015.01.18"]
[EventType "swiss"]
[EventRounds "7"]
[EventCountry "POR"]
[SourceTitle "EXT 2017"]
[Source "ChessBase"]
[SourceDate "2016.10.25"]
[SourceVersion "1"]
[SourceVersionDate "2016.10.25"]
[SourceQuality "1"]

1. c4 c5 2. Nc3 Nc6 3. Nf3 Nf6 4. g3 g6 5. Bg2 Bg7 6. 0-0 0-0 7. d4 cxd4 8. Nxd4 e6 9. e4 Nxe4 10. Nxc6 Nxc3 11. Qc2 dxc6 12. bxc3 Qc7 13. Bf4 Be5 14. Bg5 Bg7 15. Rab1 Qa5 16. Be7 Re8 17. Bb4 Qc7 18. c5 Bd7 19. c4 e5 20. Rfd1 Bf5 21. Be4 Bxe4 22. Qxe4 Rad8 23. Qh4 Rd7 24. Rd6 Red8 25. Rbd1 b6 26. cxb6 axb6 27. Qxd8+ Rxd8 28. Rxd8+ Bf8 29. Bxf8 Qb7 30. Bh6# 1-0

[Event "Benidorm op U2000 06th"]
[Site "Benidorm"]
[Date "2007.??.??"]
[Round "4"]
[White "Grade, Jose Fernando Marqu"]
[Black "Carrascosa Campos, Juan Luis"]
[Result "1/2-1/2"]
[WhiteElo "1850"]
[BlackElo "1970"]
[PlyCount "40"]
[EventDate "2007.11.??"]
[EventType "swiss"]
[EventRounds "9"]
[EventCountry "ESP"]
[SourceTitle "EXT 2010"]
[Source "ChessBase"]
[SourceDate "2010.11.25"]
[SourceVersion "1"]
[SourceVersionDate "2010.11.25"]
[SourceQuality "1"]

1. c4 g6 2. Nf3 c5 3. g3 Bg7 4. Bg2 Nc6 5. Nc3 Nf6 6. 0-0 0-0 7. d4 cxd4 8. Nxd4 Nxd4 9. Qxd4 d6 10. Qh4 Re8 11. Bh6 Bh8 12. Rad1 Be6 13. Bxb7 Rb8 14. Bc6 Nd7 15. Rd2 Bf6 16. Qe4 Qc8 17. Na4 Bf5 18. Qd5 Be6 19. Qe4 Bf5 20. Qd5 Be6 1/2-1/2

[Event "Benidorm op U2000 06th"]
[Site "Benidorm"]
[Date "2007.??.??"]
[Round "6"]
[White "Grade, Jose Fernando Marqu"]
[Black "Gil Quilez, Sonia"]
[Result "1/2-1/2"]
[WhiteElo "1850"]
[BlackElo "1990"]
[PlyCount "35"]
[EventDate "2007.11.??"]
[EventType "swiss"]
[EventRounds "9"]
[EventCountry "ESP"]
[SourceTitle "EXT 2010"]
[Source "ChessBase"]
[SourceDate "2010.11.25"]
[SourceVersion "1"]
[SourceVersionDate "2010.11.25"]
[SourceQuality "1"]

1. c4 c6 2. Nf3 d5 3. cxd5 cxd5 4. d4 Nc6 5. Nc3 Nf6 6. g3 e6 7. Bg2 Bd6 8. 0-0 a6 9. Re1 0-0 10. a3 b5 11. Bg5 h6 12. Bxf6 Qxf6 13. e4 dxe4 14. Nxe4 Qd8 15. Rc1 Ne7 16. Ne5 Rb8 17. Nc5 Rb6 18. Qc2 1/2-1/2

[Event "Portugal op"]
[Site "Portugal"]
[Date "2005.05.24"]
[Round "7"]
[White "Grade, Jose Fernando Marqu"]
[Black "Vitorino, Luis"]
[Result "0-1"]
[WhiteElo "1891"]
[BlackElo "1881"]
[PlyCount "86"]
[EventDate "2005.05.10"]
[EventType "swiss"]
[EventRounds "7"]
[EventCountry "POR"]
[SourceTitle "CBM 106 Extra"]
[Source "ChessBase"]
[SourceDate "2005.07.01"]
[SourceVersion "1"]
[SourceVersionDate "2005.07.01"]
[SourceQuality "1"]

1. c4 c5 2. g3 Nf6 3. Bg2 e6 4. Nf3 Nc6 5. 0-0 Be7 6. Nc3 0-0 7. e3 a6 8. d4 d5 9. cxd5 exd5 10. dxc5 Bxc5 11. a3 d4 12. Nxd4 Nxd4 13. exd4 Bxd4 14. Qc2 Qc7 15. Bf4 Be5 16. Bd2 Be6 17. Rac1 Rac8 18. Qa4 Qd6 19. Rfd1 Rc4 20. Qa5 Qc7 21. Qxc7 Rxc7 22. Na4 Bb3 23. Rxc7 Bxd1 24. Re7 Bd6 25. Rxb7 Bxa4 26. Rb6 Bc5 27. Rxa6 Bd7 28. b4 Bd4 29. a4 Ng4 30. b5 Bxf2+ 31. Kf1 Bc5 32. h3 Ne3+ 33. Bxe3 Bxe3 34. b6 Be6 35. Ke2 Bc4+ 36. Kxe3 Bxa6 37. Kd4 Rc8 38. Ke5 Rd8 39. a5 Kf8 40. Bc6 Ke7 41. h4 f6+ 42. Kf4 Kd6 43. Ba4 Kc5 0-1

[Event "Monte Estoril op"]
[Site "Monte Estoril"]
[Date "2003.12.07"]
[Round "2"]
[White "Grade, Jose Fernando Marqu"]
[Black "Evangelista, Ricardo"]
[Result "0-1"]
[WhiteElo "1844"]
[BlackElo "1910"]
[PlyCount "66"]
[EventDate "2003.12.06"]
[EventType "swiss"]
[EventRounds "2"]
[EventCountry "POR"]
[SourceTitle "EXT 2005"]
[Source "ChessBase"]
[SourceDate "2004.11.15"]
[SourceVersion "1"]
[SourceVersionDate "2004.11.15"]
[SourceQuality "1"]

1. c4 g6 2. Nc3 Bg7 3. g3 e5 4. Bg2 Ne7 5. d3 c6 6. e4 0-0 7. Nge2 f5 8. f4 d6 9. 0-0 Be6 10. Rb1 Qb6+ 11. Kh1 Nd7 12. b4 Nf6 13. h3 fxe4 14. dxe4 Qc7 15. Qd3 Rad8 16. Kh2 d5 17. cxd5 cxd5 18. fxe5 dxe4 19. Qb5 Nd7 20. Bg5 Bc4 21. Qa5 b6 22. Qa3 Nxe5 23. Bxe4 h6 24. Be3 Nf5 25. Bxf5 gxf5 26. Rbc1 Qb7 27. Nd4 Bxf1 28. Rxf1 Nc4 29. Qb3 Bxd4 30. Qxc4+ Qf7 31. Qxd4 Rxd4 32. Bxd4 Qc4 33. Rf4 Rd8 0-1